Mapping shifting cultivation within the permanent forests in Sarawak

Bibliographic Details
Main Author: DIMIN
Format: Book
Published: Sarawak : Jabatan Perhutanan Sarawak , 1988
Series:Forest Operations Branch research report; n. VI
Subjects:

MARC

LEADER 00000cam a2200000 7i4500
001 0000001535
005 20010730.0
090 0 0 |a 526.982   |b DIM 1988 
100 1 0 |a DIMIN   |h Austin 
245 1 0 |a Mapping shifting cultivation within the permanent forests in Sarawak   |c Austin Dimin 
260 0 0 |a Sarawak :   |b Jabatan Perhutanan Sarawak ,   |c 1988 
300 |a 10 p. :   |b maps ;   |c 30 cm. 
440 0 0 |a Forest Operations Branch research report; n. VI 
650 0 0 |a Forest mapping   |z Sarawak 
650 0 0 |a Shifting cultivation   |z Sarawak 
998 |a JPSM 
999 |a 0000002956   |b Monograph   |c Open Shelf   |e Default branch